[Event "37th Reykjavik op"]
[Site "Reykjavik ISL"]
[Date "2024.03.17"]
[Round "4.13"]
[White "Adhiban, B.."]
[Black "Domalchuk-Jonasson, Aleksandr"]
[WhiteElo "2541"]
[BlackElo "2355"]
[Result "1-0"]
[EventDate "2024.03.15"]
[PlyCount "65"]

1. e4 {[%eval 13,0]} e5 {[%eval 17,0]} 2. Nf3 {[%eval 21,0]} Nf6 {[%eval 25,0]}
3. Nxe5 {[%eval 24,0]} d6 {[%eval 49,0]} 4. Nf3 {[%eval 35,0]} Nxe4 {[%eval 28,
0]} 5. d4 {[%eval 4,0]} d5 {[%eval 4,0]} 6. Bd3 {[%eval 18,0]} Bd6 {[%eval 4,0]
} 7. O-O {[%eval 28,0]} O-O {[%eval 33,0]} 8. c4 {[%eval 37,0]} c6 {[%eval 37,
0]} 9. cxd5 {[%eval 19,0]} cxd5 {[%eval 17,0]} 10. Nc3 {[%eval 25,0]} Nxc3 {
[%eval 29,0]} 11. bxc3 {[%eval 37,0]} Bg4 {[%eval 35,0]} 12. h3 {[%eval 26,0]}
Bh5 {[%eval 23,0]} 13. Rb1 {[%eval 28,0]} b6 {[%eval 33,0]} 14. Re1 {[%eval 7,
0]} Nc6 {[%eval 1,0]} 15. Kh1 {[%eval 23,0]} Re8 {[%eval 9,0]} 16. Be3 {
[%eval 49,0]} Bc7 {[%eval 29,0]} 17. g4 {[%eval 28,0]} Bg6 {[%eval 42,0]} 18.
Bxg6 {[%eval 29,0]} hxg6 {[%eval 25,0]} 19. Bg5 {[%eval 53,0]} Rxe1+ {[%eval
33,0]} 20. Qxe1 {[%eval 32,0]} Qd7 {[%eval 23,0]} 21. Qf1 {[%eval 59,0]} Re8 {
[%eval 3,0]} 22. Re1 {[%eval 51,0]} Re4 {[%eval 37,0]} 23. Be3 {[%eval 68,0]}
Qd6 {[%eval 35,0]} 24. Qg2 {[%eval 6,0]} Qa3 $2 {[%eval 74,0] Mistake. f6 was
best.} (24... f6 25. Kg1) 25. Ng5 {[%eval 82,0]} Qxc3 {[%eval 85,0]} 26. Qf1 {
[%eval 86,0]} Nxd4 $6 {[%eval 175,0] Inaccuracy. Qb4 was best.} (26... Qb4 27.
Nxe4) 27. Nxe4 $6 {[%eval 73,0] Inaccuracy. Rc1 was best.} (27. Rc1) 27... dxe4
{[%eval 96,0]} 28. Rc1 {[%eval 81,0]} Nc2 {[%eval 66,0]} 29. Qd1 {[%eval 74,0]}
Qe5 {[%eval 68,0]} 30. f4 {[%eval 71,0]} exf3 {[%eval 87,0]} 31. Rxc2 {[%eval
76,0]} Qxe3 $4 {[%eval 446,0] Blunder. f2 was best.} (31... f2 32. Rxc7) 32.
Rxc7 {[%eval 435,0]} f2 $6 {[%eval 662,0] Inaccuracy. Qf2 was best.} (32... Qf2
33. Rc2 Qg3 34. Qg1 Qd6 35. Qf2 Qd1+ 36. Kh2 f6 37. Qd2 Qf1 38. Rc8+ Kh7 39.
Rc1) 33. Qd8+ {[%eval 615,0]} 1-0

[Event "37th Reykjavik op"]
[Site "Reykjavik ISL"]
[Date "2024.03.17"]
[Round "4.14"]
[White "Krzyzanowski, Marcin"]
[Black "Bjorn, Thorfinnsson"]
[WhiteElo "2524"]
[BlackElo "2353"]
[Result "0-1"]
[EventDate "2024.03.15"]
[PlyCount "130"]

1. e4 {[%eval 13,0]} e5 {[%eval 17,0]} 2. Nf3 {[%eval 21,0]} Nf6 {[%eval 25,0]}
3. Nc3 {[%eval 12,0]} Nc6 {[%eval 1,0]} 4. h3 {[%eval 0,0]} g6 {[%eval 39,0]}
5. Bc4 {[%eval 26,0]} Bg7 {[%eval 27,0]} 6. d3 {[%eval 39,0]} d6 {[%eval 5,0]}
7. a4 {[%eval 38,0]} h6 {[%eval 49,0]} 8. a5 {[%eval 41,0]} Qe7 {[%eval 49,0]}
9. Be3 {[%eval 4,0]} Nd8 $6 {[%eval 96,0] Inaccuracy. a6 was best.} (9... a6
10. O-O) 10. Qd2 {[%eval 93,0]} Be6 {[%eval 89,0]} 11. Bb5+ {[%eval 88,0]} c6 {
[%eval 95,0]} 12. Ba4 {[%eval 93,0]} Kf8 {[%eval 89,0]} 13. d4 {[%eval 81,0]}
Kg8 $6 {[%eval 148,0] Inaccuracy. Bc4 was best.} (13... Bc4 14. O-O-O b5 15.
dxe5 dxe5 16. Bb3 Bxb3 17. cxb3 a6 18. Qd6 Qxd6 19. Rxd6 Nb7 20. Rdd1) 14. dxe5
{[%eval 135,0]} dxe5 {[%eval 165,0]} 15. Nxe5 {[%eval 151,0]} Nxe4 {[%eval 148,
0]} 16. Nxg6 {[%eval 147,0]} fxg6 {[%eval 158,0]} 17. Nxe4 {[%eval 162,0]} Nf7
{[%eval 185,0]} 18. Nc5 {[%eval 175,0]} Bd5 {[%eval 198,0]} 19. O-O {[%eval
176,0]} Kh7 {[%eval 221,0]} 20. Rfe1 {[%eval 219,0]} Qh4 {[%eval 203,0]} 21.
Bb3 {[%eval 256,0]} Rad8 {[%eval 247,0]} 22. Qe2 {[%eval 236,0]} Bxb3 {[%eval
226,0]} 23. cxb3 {[%eval 235,0]} Qe7 {[%eval 249,0]} 24. Ra4 {[%eval 246,0]}
Rhe8 $6 {[%eval 321,0] Inaccuracy. Nd6 was best.} (24... Nd6 25. Bd4) 25. Re4 {
[%eval 307,0]} Qc7 {[%eval 341,0]} 26. Ne6 {[%eval 379,0]} Qxa5 {[%eval 316,0]}
27. Ra4 $6 {[%eval 232,0] Inaccuracy. b4 was best.} (27. b4 Qf5 28. Bc5 Rd5 29.
Ng5+ hxg5 30. Rxe8 b6 31. Bf8 Be5 32. Qg4 Bxb2 33. R1e7 Be5) 27... Qxe1+ {
[%eval 237,0]} 28. Qxe1 {[%eval 213,0]} Rxe6 {[%eval 215,0]} 29. Rxa7 {[%eval
208,0]} Nd6 {[%eval 242,0]} 30. Qb4 {[%eval 197,0]} Rd7 {[%eval 200,0]} 31. g4
{[%eval 205,0]} Nb5 {[%eval 209,0]} 32. Qc4 $4 {[%eval -57,0] Blunder. Ra4 was
best.} (32. Ra4) 32... Rxe3 {[%eval -87,0]} 33. Ra8 $4 {[%eval -261,0] Blunder.
fxe3 was best.} (33. fxe3 Nxa7) 33... Re1+ {[%eval -297,0]} 34. Kg2 {[%eval
-254,0]} Rd5 {[%eval -247,0]} 35. h4 {[%eval -208,0]} Nd6 {[%eval -225,0]} 36.
Qc2 {[%eval -218,0]} Re4 {[%eval -266,0]} 37. Ra4 {[%eval -263,0]} Rxa4 $2 {
[%eval -32,0] Mistake. Bd4 was best.} (37... Bd4 38. f3 Re6 39. h5 Kg7 40. Qd3
Be5 41. Qe2 g5 42. Ra7 Rb5 43. Qd3 Nf7 44. Qd7) 38. bxa4 {[%eval -26,0]} h5 {
[%eval -23,0]} 39. f3 {[%eval -39,0]} Bh6 {[%eval -57,0]} 40. Qb3 {[%eval -94,
0]} Rd2+ $6 {[%eval 69,0] Inaccuracy. Bg7 was best.} (40... Bg7 41. Qc2 Bf6 42.
Qf2 Kg7 43. b3 Kf7 44. Qe1 Rd3 45. Qf2 Rd4 46. Qg3 Rd2+ 47. Kf1) 41. Kg1 {
[%eval 8,0]} Bg7 {[%eval 82,0]} 42. Qe6 {[%eval 86,0]} Bxb2 {[%eval -88,0]} 43.
Kh1 $6 {[%eval -19,0] Inaccuracy. f4 was best.} (43. f4 Bg7) 43... Bg7 $6 {
[%eval -78,0] Inaccuracy. Rd1+ was best.} (43... Rd1+) 44. Kg1 $2 {[%eval -101,
0] Mistake. f4 was best.} (44. f4 hxg4 45. h5 gxh5 46. f5 Rd5 47. Qg6+ Kh8 48.
f6 Bf8 49. f7 Bg7 50. Qf6 Kh7) 44... c5 {[%eval -111,0]} 45. gxh5 {[%eval -106,
0]} gxh5 {[%eval -124,0]} 46. f4 {[%eval -107,0]} Rd4 {[%eval -118,0]} 47. Qe2
{[%eval -129,0]} c4 {[%eval -126,0]} 48. Qxh5+ {[%eval -144,0]} Kg8 {[%eval
-119,0]} 49. Qg6 {[%eval -122,0]} c3 {[%eval -126,0]} 50. h5 {[%eval -115,0]}
Nf7 {[%eval -131,0]} 51. Qg4 $6 {[%eval -389,0] Inaccuracy. Kf2 was best.} (51.
Kf2 Rd6 52. Qe4 Rc6 53. Qc2 Kf8 54. a5 Bh6 55. Ke3 Rc4 56. Kd3 Nd6 57. f5 Bg5)
51... Rd8 $6 {[%eval -104,0] Inaccuracy. Rd2 was best.} (51... Rd2 52. h6 Nxh6
53. Qc8+ Kh7 54. Qxb7 c2 55. Qe4+ Kg8 56. Qe8+ Bf8 57. Qg6+ Kh8 58. Qc6) 52.
Qg6 {[%eval -263,0]} Rd6 {[%eval -274,0]} 53. Qb1 $6 {[%eval -378,0]
Inaccuracy. Qe4 was best.} (53. Qe4 Rc6 54. Qc2 Nd8 55. a5 Kf8 56. f5 Nf7 57.
h6 Bd4+ 58. Kf1 Nxh6 59. a6 bxa6) 53... Rd2 {[%eval -363,0]} 54. Qe1 {[%eval
-497,0]} Kf8 {[%eval -343,0]} 55. Kf1 $6 {[%eval -404,0] Inaccuracy. a5 was
best.} (55. a5 Bd4+ 56. Kh1 Rb2 57. Qc1 c2 58. Kh2 Kg8 59. Kg2 Be3 60. Qxb2
c1=Q 61. Qxb7 Qc2+) 55... Bd4 {[%eval -424,0]} 56. Qe6 $6 {[%eval -817,0]
Inaccuracy. Qc1 was best.} (56. Qc1 Rf2+ 57. Ke1 c2 58. Qa3+ Ke8 59. h6 Rh2 60.
h7 Rh1+ 61. Kd2 c1=B+ 62. Qxc1 Be3+) 56... c2 {[%eval -988,0]} 57. Qc8+ {
[%eval -771,0]} Kg7 {[%eval -594,0]} 58. Qg4+ $6 {[%eval -1434,0] Inaccuracy.
h6+ was best.} (58. h6+ Kf6 59. h7 Rd1+ 60. Ke2 c1=Q 61. Qxc1 Rxc1 62. Kd3 Ra1
63. a5 Rxa5 64. Kxd4 Ra4+) 58... Kf6 {[%eval -3108,0]} 59. Qh4+ {[%eval -3277,
0]} Kf5 {[%eval -1192,0]} 60. Qh3+ {[%eval -1107,0]} Ke4 {[%eval -815,0]} 61.
Qh1+ $2 {[%eval -32735,0] Checkmate is now unavoidable. Qa3 was best.} (61. Qa3
Rd1+ 62. Ke2 c1=Q 63. Qe7+ Ne5 64. Qh7+ Kxf4 65. Qh6+ Ke4 66. Qh7+ Kd5 67.
Qxb7+ Nc6) 61... Kd3 {[%eval -32733,0]} 62. Qh3+ {[%eval -3351,0]} Kc4 {
[%eval -937,0]} 63. Qc8+ {[%eval -847,0]} Kb3 {[%eval -32741,0]} 64. Qxb7+ {
[%eval -32741,0]} Ka2 $6 {[%eval -3044,0] Lost forced checkmate sequence. Kc3
was best.} (64... Kc3 65. Qc6+ Kb2 66. Qb7+ Ka1 67. Qc7 Kb1 68. Qb7+ Bb2 69.
Qe4 Nd6 70. Qh7 Bd4 71. Ke1) 65. Qxf7+ {[%eval -3026,0]} Ka1 {[%eval -3161,0]}
0-1

[Event "37th Reykjavik op"]
[Site "Reykjavik ISL"]
[Date "2024.03.17"]
[Round "4.15"]
[White "Lu, Miaoyi"]
[Black "Suleymenov, Alisher"]
[WhiteElo "2392"]
[BlackElo "2506"]
[Result "1/2-1/2"]
[EventDate "2024.03.15"]
[PlyCount "65"]

1. e4 {[%eval 13,0]} c5 {[%eval 33,0]} 2. Nf3 {[%eval 22,0]} Nc6 {[%eval 31,0]}
3. Bb5 {[%eval 25,0]} e6 {[%eval 47,0]} 4. O-O {[%eval 5,0]} Nge7 {[%eval 36,0]
} 5. d4 {[%eval 0,0]} cxd4 {[%eval 28,0]} 6. Nxd4 {[%eval 5,0]} Ng6 $6 {
[%eval 57,0] Inaccuracy. a6 was best.} (6... a6 7. Be2 d5 8. exd5 Qxd5 9. Be3
Nxd4 10. Bxd4 Qd6 11. Bf3) 7. Be3 {[%eval 4,0]} Be7 {[%eval 3,0]} 8. c3 {
[%eval 25,0]} O-O {[%eval 28,0]} 9. Nd2 {[%eval 21,0]} a6 {[%eval 35,0]} 10.
Bd3 {[%eval 36,0]} Nxd4 {[%eval 5,0]} 11. cxd4 {[%eval 53,0]} d5 {[%eval 57,0]}
12. e5 {[%eval 49,0]} Bd7 {[%eval 76,0]} 13. a4 {[%eval 43,0]} Qb6 $6 {[%eval
101,0] Inaccuracy. Nh4 was best.} (13... Nh4) 14. a5 $6 {[%eval 29,0]
Inaccuracy. Nf3 was best.} (14. Nf3 Rfc8 15. h4 h6 16. h5 Nf8 17. Kh1 Qxb2 18.
Bd2 Nh7 19. Qe2 Qb6 20. g4 Qd8) 14... Qb4 {[%eval 31,0]} 15. Nf3 {[%eval 1,0]}
Rfc8 $2 {[%eval 131,0] Mistake. Bb5 was best.} (15... Bb5) 16. h4 $6 {[%eval
72,0] Inaccuracy. Bd2 was best.} (16. Bd2) 16... Nf8 {[%eval 100,0]} 17. h5 {
[%eval 56,0]} h6 $6 {[%eval 112,0] Inaccuracy. Bb5 was best.} (17... Bb5 18.
Bd2 Qxb2 19. Rb1 Qa2 20. Bxb5 axb5 21. Rxb5 Bd8 22. h6 Bxa5 23. Bg5 Ng6 24.
hxg7) 18. Bd2 {[%eval 119,0]} Qxb2 {[%eval 119,0]} 19. Rb1 {[%eval 121,0]} Qa3
{[%eval 149,0]} 20. Qe2 {[%eval 151,0]} Bd8 {[%eval 153,0]} 21. Nh2 $6 {
[%eval 46,0] Inaccuracy. Qe3 was best.} (21. Qe3 Qe7 22. Rxb7 Rc7 23. Rxc7 Bxc7
24. Rb1 Qd8 25. Qe1 Qc8 26. g4 Bd8 27. Rb2 Qc6) 21... Bg5 $2 {[%eval 218,0]
Mistake. Bb5 was best.} (21... Bb5) 22. f4 $6 {[%eval 145,0] Inaccuracy. Bxg5
was best.} (22. Bxg5) 22... Bd8 {[%eval 156,0]} 23. Rf3 $6 {[%eval 65,0]
Inaccuracy. Ng4 was best.} (23. Ng4) 23... Qa4 {[%eval 44,0]} 24. Rg3 {[%eval
37,0]} Bh4 {[%eval 44,0]} 25. Rh3 {[%eval 39,0]} Be7 {[%eval 32,0]} 26. Ng4 {
[%eval 0,0]} Kh8 {[%eval 0,0]} 27. Rg3 {[%eval 0,0]} f5 $4 {[%eval 300,0]
Blunder. Bh4 was best.} (27... Bh4 28. Rh3 Be7 29. Rg3) 28. exf6 {[%eval 286,0]
} Bxf6 {[%eval 285,0]} 29. Nxh6 $2 {[%eval 146,0] Mistake. Rb4 was best.} (29.
Rb4 Qa1+ 30. Kh2 Bh4 31. Rh3 e5 32. Rxh4 e4 33. Bb1 Bxg4 34. Rxg4 Nh7 35. Rg6
Nf6) 29... Bh4 $4 {[%eval 531,0] Blunder. Bb5 was best.} (29... Bb5 30. Bxb5
axb5 31. Ng4 Qxd4+ 32. Kh2 Rc2 33. Nxf6 Rxd2 34. h6 g5 35. Qe5 Qxe5 36. fxe5)
30. Nf7+ {[%eval 525,0]} Kg8 {[%eval 514,0]} 31. Nh6+ {[%eval 491,0]} Kh8 {
[%eval 477,0]} 32. Nf7+ {[%eval 459,0]} Kg8 {[%eval 454,0]} 33. Nh6+ $4 {
[%eval 0,0] Blunder. Rxg7+ was best.} (33. Rxg7+ Kxg7 34. h6+ Kxf7 35. Qh5+ Ke7
36. Qxh4+ Kd6 37. f5 b5 38. axb6 Rab8 39. Bf4+ Kc6) 1/2-1/2

[Event "37th Reykjavik op"]
[Site "Reykjavik ISL"]
[Date "2024.03.17"]
[Round "4.16"]
[White "Dauner, Benedikt"]
[Black "Balakrishnan, Praveen"]
[WhiteElo "2366"]
[BlackElo "2490"]
[Result "0-1"]
[EventDate "2024.03.15"]
[PlyCount "60"]

1. d4 {[%eval 15,0]} d5 {[%eval 25,0]} 2. Nf3 {[%eval 1,0]} Nf6 {[%eval 24,0]}
3. Bf4 {[%eval 11,0]} c5 {[%eval 0,0]} 4. e3 {[%eval 0,0]} Nc6 {[%eval 0,0]} 5.
Nbd2 {[%eval 0,0]} Bg4 {[%eval 24,0]} 6. c3 {[%eval 7,0]} e6 {[%eval 28,0]} 7.
h3 {[%eval 11,0]} Bxf3 {[%eval 16,0]} 8. Qxf3 {[%eval 15,0]} h6 {[%eval 27,0]}
9. Bd3 {[%eval 12,0]} Bd6 {[%eval 12,0]} 10. dxc5 {[%eval 4,0]} Bxc5 {[%eval
12,0]} 11. e4 {[%eval 0,0]} d4 {[%eval 32,0]} 12. Nb3 $6 {[%eval 41,0]
Inaccuracy. Bb5 was best.} (12. Bb5) 12... dxc3 {[%eval 44,0]} 13. bxc3 {
[%eval 4,0]} Bd6 {[%eval 41,0]} 14. Bb5 {[%eval 42,0]} Bxf4 {[%eval 39,0]} 15.
Qxf4 {[%eval 43,0]} Qb6 {[%eval 41,0]} 16. Nd4 {[%eval 4,0]} Qc5 {[%eval 4,0]}
17. Qf3 {[%eval 44,0]} O-O {[%eval 5,0]} 18. Bxc6 {[%eval 55,0]} bxc6 {[%eval
45,0]} 19. O-O {[%eval 49,0]} Qc4 {[%eval 37,0]} 20. Rfe1 {[%eval 33,0]} Rab8 {
[%eval 22,0]} 21. Nb3 {[%eval 26,0]} Rfd8 {[%eval 2,0]} 22. Qe2 {[%eval 46,0]}
Qxc3 {[%eval 42,0]} 23. Rac1 {[%eval 36,0]} Qb4 {[%eval 23,0]} 24. Rxc6 {
[%eval -481,0]} (24. Rc3 $4 {Blunder. Rc4 was best.} c5 $4 {Blunder. Qxc3 was
best.} (24... Qxc3 25. e5 Nd7 26. Qe3 Qxe3 27. Rxe3 Kh8 28. Na5 c5 29. Nc6 c4
30. Nxa7 Rb6) 25. Rxc5 Rbc8 26. Rxc8 (26. Rc6) 26... Rxc8 27. e5 Rc2 28. Qd1
Nd5 29. Re2 Rc3 30. Qd2 $6 {Inaccuracy. g3 was best.} (30. g3 a5 31. Kh2 Qb6
32. Rd2 a4 33. Nd4 Rc4 34. Nc2 Qc5 35. Qe2 g5 36. Kg2 Kg7) 30... a5 31. Re1 $4
{Blunder. Kh2 was best.} (31. Kh2 a4 32. Nd4 Qb1 33. Re1 Rd3 34. Qe2 Qb4 35.
Qxd3 Qxe1 36. Qe2 Qb4 37. Nb5 a3) 31... Rxb3) (24. Rc4) 24... Rbc8 {[%eval 26,
0]} 25. Rxc8 {[%eval 4,0]} Rxc8 {[%eval 41,0]} 26. e5 {[%eval 69,0]} Rc2 {
[%eval 71,0]} 27. Qd1 {[%eval 8,0]} Nd5 {[%eval 87,0]} 28. Re2 {[%eval -98,0]}
Rc3 {[%eval -91,0]} 29. Qd2 {[%eval -92,0]} a5 {[%eval 85,0]} 30. Re1 {[%eval
-36,0]} Rxb3 {[%eval -78,0]} 0-1

[Event "37th Reykjavik op"]
[Site "Reykjavik ISL"]
[Date "2024.03.17"]
[Round "4.17"]
[White "Hopman, Pieter"]
[Black "Kjartansson, Gudmundur"]
[WhiteElo "2297"]
[BlackElo "2465"]
[Result "0-1"]
[EventDate "2024.03.15"]
[PlyCount "68"]

1. e4 {[%eval 13,0]} c5 {[%eval 33,0]} 2. Nf3 {[%eval 22,0]} d6 {[%eval 0,0]}
3. Bb5+ {[%eval 12,0]} Nd7 {[%eval 24,0]} 4. Ba4 {[%eval 18,0]} Ngf6 {[%eval 1,
0]} 5. O-O {[%eval 4,0]} a6 {[%eval 46,0]} 6. c4 {[%eval 33,0]} Nxe4 $6 {
[%eval 91,0] Inaccuracy. g6 was best.} (6... g6 7. Nc3 Bg7 8. d3 b6 9. h3 O-O
10. Rb1 Bb7 11. b4) 7. Re1 {[%eval 100,0]} Nef6 {[%eval 104,0]} 8. d4 {[%eval
58,0]} cxd4 {[%eval 101,0]} 9. Nxd4 {[%eval 99,0]} g6 $6 {[%eval 172,0]
Inaccuracy. e6 was best.} (9... e6 10. Rxe6+ fxe6 11. Nxe6 Qa5 12. Bd2 Qf5 13.
Nc7+ Kf7 14. Nxa8 d5 15. Bc2 Qe5 16. Bc3) 10. Bf4 {[%eval 154,0]} e5 {[%eval
169,0]} 11. Nc2 $4 {[%eval 2,0] Blunder. Nc3 was best.} (11. Nc3 Be7 12. Bh6
Bf8 13. Nf3 b5 14. cxb5 Nb6 15. bxa6+ Nxa4 16. Qxa4+ Bd7 17. Qh4 Be7) 11... h6
{[%eval 21,0]} 12. Nc3 {[%eval 9,0]} Be7 {[%eval 8,0]} 13. Ne3 $2 {[%eval -92,
0] Mistake. Nb4 was best.} (13. Nb4 Kf8) 13... Kf8 $2 {[%eval 3,0] Mistake. b5
was best.} (13... b5 14. Bb3 exf4 15. Ned5 Nxd5 16. Nxd5 Ne5 17. c5 Be6 18. Qd4
f6 19. c6 Bxd5 20. Qxd5) 14. Ned5 {[%eval 3,0]} Nc5 {[%eval 12,0]} 15. Be3 {
[%eval 0,0]} Nxa4 {[%eval 15,0]} 16. Qxa4 {[%eval 21,0]} Nxd5 {[%eval 22,0]}
17. Nxd5 {[%eval 14,0]} Be6 {[%eval 4,0]} 18. Rad1 {[%eval 3,0]} Bxd5 {[%eval
21,0]} 19. Rxd5 {[%eval 22,0]} Qc7 {[%eval 21,0]} 20. f4 {[%eval 7,0]} Qc6 {
[%eval 1,0]} 21. Qb4 {[%eval 7,0]} Re8 {[%eval 25,0]} 22. Qc3 {[%eval 29,0]}
Bf6 {[%eval 28,0]} 23. Red1 {[%eval 45,0]} Re6 {[%eval 39,0]} 24. Qb4 {[%eval
59,0]} Kg7 {[%eval 58,0]} 25. b3 {[%eval -95,0]} Rhe8 {[%eval -91,0]} 26. a4 $6
{[%eval -13,0] Inaccuracy. fxe5 was best.} (26. fxe5 Bxe5) 26... exf4 {[%eval
-178,0]} 27. Bxf4 {[%eval -199,0]} Be5 $6 {[%eval 97,0] Inaccuracy. Re2 was
best.} (27... Re2) 28. Bg3 {[%eval -87,0]} Bxg3 {[%eval -98,0]} 29. hxg3 {
[%eval 89,0]} Re3 {[%eval 83,0]} 30. Rxd6 $2 {[%eval -199,0] Mistake. Kh2 was
best.} (30. Kh2 Qd7) 30... Qe4 {[%eval -31,0]} 31. R6d4 {[%eval -48,0]} Qc2 {
[%eval -77,0]} 32. Qxb7 $4 {[%eval -557,0] Blunder. Rd7 was best.} (32. Rd7 Re2
33. Qxb7 Rf2 34. Qd5 Ree2 35. Kh1 Rf5 36. Qd4+ Kh7 37. Rd5 Rxg2 38. Rd2 Rxd2)
32... Re1+ 33. Rxe1 Rxe1+ 34. Kh2 Qc1 0-1

[Event "37th Reykjavik op"]
[Site "Reykjavik ISL"]
[Date "2024.03.17"]
[Round "4.18"]
[White "Stefansson, Vignir Vatnar"]
[Black "Cieslak, Patryk"]
[WhiteElo "2464"]
[BlackElo "2325"]
[Result "1-0"]
[EventDate "2024.03.15"]
[PlyCount "127"]

1. d4 {[%eval 15,0]} d5 {[%eval 25,0]} 2. c4 {[%eval 26,0]} e6 {[%eval 28,0]}
3. Nf3 {[%eval 11,0]} Nf6 {[%eval 12,0]} 4. g3 {[%eval 7,0]} dxc4 {[%eval 22,0]
} 5. Bg2 {[%eval 21,0]} a6 {[%eval 27,0]} 6. O-O {[%eval 26,0]} Nc6 {[%eval 43,
0]} 7. Qc2 {[%eval 1,0]} Nxd4 {[%eval 0,0]} 8. Nxd4 {[%eval 24,0]} Qxd4 {
[%eval 25,0]} 9. Rd1 {[%eval 7,0]} Qc5 {[%eval 11,0]} 10. Nd2 {[%eval 15,0]}
Be7 {[%eval 18,0]} 11. Nxc4 {[%eval 26,0]} Ng4 {[%eval 16,0]} 12. Qa4+ {
[%eval 17,0]} b5 {[%eval 21,0]} 13. Nd6+ {[%eval 22,0]} Qxd6 {[%eval 21,0]} 14.
Qc2 {[%eval 19,0]} Qc5 {[%eval 23,0]} 15. Bc6+ {[%eval 22,0]} Bd7 {[%eval 19,0]
} 16. Qxc5 {[%eval 33,0]} Bxc5 {[%eval 34,0]} 17. Rxd7 {[%eval 39,0]} Ne5 {
[%eval 0,0]} 18. Rd5+ {[%eval 0,0]} Nxc6 {[%eval 25,0]} 19. Rxc5 {[%eval 0,0]}
Ne7 {[%eval 17,0]} 20. Rxc7 {[%eval 2,0]} Nd5 {[%eval 13,0]} 21. Rc5 {[%eval
16,0]} O-O {[%eval 16,0]} 22. Bd2 {[%eval 1,0]} Nb6 {[%eval 18,0]} 23. Ba5 {
[%eval 7,0]} Nc4 {[%eval 6,0]} 24. Bc3 {[%eval 8,0]} Rfc8 {[%eval 0,0]} 25.
Rxc8+ {[%eval 4,0]} Rxc8 {[%eval 3,0]} 26. Rd1 {[%eval 8,0]} h6 {[%eval 3,0]}
27. Rd7 {[%eval 0,0]} Rc6 {[%eval 1,0]} 28. f4 {[%eval 0,0]} Nd6 {[%eval 0,0]}
29. Kg2 {[%eval 0,0]} Ne4 {[%eval 0,0]} 30. Bd4 {[%eval 0,0]} Rd6 {[%eval 28,0]
} 31. Rxd6 {[%eval 35,0]} Nxd6 {[%eval 32,0]} 32. Kf3 {[%eval 29,0]} f6 {
[%eval 63,0]} 33. Bc5 $6 {[%eval 7,0] Inaccuracy. Bc3 was best.} (33. Bc3 f5
34. Ke3 Kf7 35. Kd4 Ne4 36. Bb4 Kf6 37. Be1 g6 38. b3 Kf7 39. Bb4 g5) 33... Nc4
{[%eval 9,0]} 34. b3 {[%eval 8,0]} Na5 {[%eval 5,0]} 35. Ke4 {[%eval 5,0]} g6 {
[%eval 17,0]} 36. g4 {[%eval 22,0]} Nc6 {[%eval 28,0]} 37. f5 {[%eval 35,0]}
Kf7 {[%eval 25,0]} 38. h3 {[%eval 0,0]} h5 {[%eval 26,0]} 39. fxe6+ {[%eval 21,
0]} Kxe6 {[%eval 5,0]} 40. gxh5 {[%eval 6,0]} gxh5 {[%eval 5,0]} 41. Ba3 {
[%eval 0,0]} f5+ {[%eval 17,0]} 42. Kf4 {[%eval 16,0]} Nd4 {[%eval 16,0]} 43.
e3 {[%eval 32,0]} Ne2+ $6 {[%eval 122,0] Inaccuracy. Nc2 was best.} (43... Nc2
44. Bc5 Kf6 45. e4 fxe4 46. Kxe4 Ke6 47. b4 Kf6 48. Kf4 Ne1 49. Bd4+ Kg6 50.
Bc3) 44. Kg5 {[%eval 102,0]} Nc3 $2 {[%eval 264,0] Mistake. a5 was best.} (
44... a5 45. Kxh5) 45. Kxh5 {[%eval 242,0]} Nxa2 {[%eval 275,0]} 46. Kg6 {
[%eval 244,0]} Nc3 {[%eval 274,0]} 47. h4 {[%eval 244,0]} Nd5 $2 {[%eval 471,0]
Mistake. Ne2 was best.} (47... Ne2 48. h5) 48. h5 {[%eval 406,0]} Nxe3 {
[%eval 474,0]} 49. h6 {[%eval 484,0]} Ng4 {[%eval 515,0]} 50. h7 {[%eval 511,0]
} Ne5+ {[%eval 503,0]} 51. Kg7 {[%eval 491,0]} Nf7 {[%eval 409,0]} 52. b4 {
[%eval 500,0]} f4 $6 {[%eval 655,0] Inaccuracy. Ke7 was best.} (52... Ke7 53.
Bc1 Ke6 54. Bg5 Nxg5 55. h8=Q Ne4 56. Kg6 Nd6 57. Qa8 Ke5 58. Qxa6 Ke6 59. Qb6)
53. Bc1 {[%eval 636,0]} f3 {[%eval 636,0]} 54. Be3 {[%eval 597,0]} Ke7 {
[%eval 657,0]} 55. Bf2 {[%eval 698,0]} Ke6 {[%eval 652,0]} 56. Bc5 {[%eval 615,
0]} a5 {[%eval 527,0]} 57. bxa5 {[%eval 747,0]} b4 {[%eval 877,0]} 58. a6 {
[%eval 812,0]} b3 {[%eval 806,0]} 59. a7 {[%eval 722,0]} b2 {[%eval 32710,0]}
60. a8=Q {[%eval 32710,0]} b1=Q {[%eval 32718,0]} 61. Qe8+ {[%eval 32682,0]}
Kd5 {[%eval 32688,0]} 62. Qxf7+ {[%eval 32712,0]} Kxc5 $4 {[%eval 32722,0]
Checkmate is now unavoidable. Kc6 was best.} (62... Kc6 63. Qc4 f2 64. Bxf2+
Kb7 65. Qf7+ Kc6 66. Qe6+ Kc7 67. h8=Q Qa1+ 68. Qf6 Qxf6+ 69. Kxf6) 63. h8=Q {
[%eval 32712,0]} Qb2+ {[%eval 32712,0]} 64. Kg8 {[%eval 1107,0]} 1-0